Problems of nationalized industry / (Record no. 46065)
[ view plain ]
| 000 -LEADER | |
|---|---|
| fixed length control field | 00794nam a2200229 a 4500 |
| 001 - CONTROL NUMBER | |
| control field | 46065 |
| 003 - CONTROL NUMBER IDENTIFIER | |
| rucl marc code | BD-RjUL |
| 005 - DATE AND TIME OF LATEST TRANSACTION | |
| control field | 20211209054114.0 |
| 008 - FIXED-LENGTH DATA ELEMENTS--GENERAL INFORMATION | |
| fixed length control field | 160730s1952 enk b 001 0 eng d |
| 035 ## - SYSTEM CONTROL NUMBER | |
| System control number | (BD-RjUL)46183 |
| 040 ## - CATALOGING SOURCE | |
| Original cataloging agency | TLM |
| Modifying agency | m.c |
| -- | BD-RjUL |
| Language of cataloging | eng |
| Transcribing agency | BD-RjUL |
| 041 ## - LANGUAGE CODE | |
| Language code of text/sound track or separate title | eng |
| 082 ## - DEWEY DECIMAL CLASSIFICATION NUMBER | |
| Edition number | 23 |
| Classification number | 338.942 |
| Author mark and year | PRO 1952 |
| 245 00 - TITLE STATEMENT | |
| Title | Problems of nationalized industry / |
| Statement of responsibility, etc. | edited by William A. Robson. |
| 260 ## - PUBLICATION, DISTRIBUTION, ETC. (IMPRINT) | |
| Place of publication, distribution, etc. | London : |
| Name of publisher, distributor, etc. | George Allen & Unwin, |
| Date of publication, distribution, etc. | c1952. |
| 300 ## - PHYSICAL DESCRIPTION | |
| Pagination | 390 p. ; |
| Size | 23 cm. |
| 504 ## - BIBLIOGRAPHY, ETC. NOTE | |
| Bibliography, etc | Includes bibliographical references (p.[369]-380) and indexes. |
| 650 #0 - SUBJECT ADDED ENTRY--TOPICAL TERM | |
| Topical term or geographic name as entry element | Industrial policy |
| Geographic subdivision | Great Britain. |
| 9 (RLIN) | 138958 |
| Topical term or geographic name as entry element | Industries |
| General subdivision | Government ownership |
| Geographic subdivision | Great Britain. |
| 9 (RLIN) | 140817 |
| 700 1# - ADDED ENTRY--PERSONAL NAME | |
| Personal name | Robson, William A. |
| Fuller form of name | (William Alexander), |
| Dates associated with a name | 1895-1980. |
| 942 ## - ADDED ENTRY ELEMENTS (KOHA) | |
| Source of classification or shelving scheme | Dewey Decimal Classification |
| Koha item type | Books |
| Lost status | Source of classification or shelving scheme | Damaged status | Not for loan | Collection code | Permanent Location | Current Location | Shelving location | Date acquired | Source of acquisition | Cost, normal purchase price | Total Checkouts | Full call number | Date last seen | Copy number | Koha item type |
|---|---|---|---|---|---|---|---|---|---|---|---|---|---|---|---|
| Dewey Decimal Classification | Not For Loan | Non-fiction | Central Library, University of Rajshahi | Central Library, University of Rajshahi | Reading Room | 20/08/1955 | Rassel Society Ltd. | 12.08 | 338.942 PRO 1952 | 30/07/2016 | C-1 | Books | |||
| Dewey Decimal Classification | Non-fiction | Central Library, University of Rajshahi | Central Library, University of Rajshahi | 20/08/1955 | eastern law house | 12.00 | 338.942 PRO 1952 | 06/09/2016 | C-2 | Books |